01083 a2200181 45000010006000000050017000060080041000230030015000640400040000790800151001192450113002700200018003832640034004013000019004355050401004540410008008551000038008632834920260407155555.0260407a1990 arg spa dAR-UNSa-BCEJYS aAR-UNSa-BCEJYSbspacAR-UNSa-BCEJYS a001.8xMetodología. Estudio general del método. Procedimientos científicos y técnicos para el estudio, La investigación y la discusión10aTécnicas para escribir, leer y estudiarpcómo preparar una tesis, un ensayo, una moinografía, un libro a950-739-015-8 1aBuenos Aires :bErreparc1990 a264 p.c20 cm. a1. Conceptos fundamentales – 2. El libro – 3. Técnicas de escritura – 4. Uso de las abreviaturas, símbolos, palabras y siglas más utilizadas – 5. Normas para la elaboración de notas y bibliografías – 6. Revisión, enmienda y valoración del trabajo de investigación – 7. De la mesa de trabajo a la imprenta – 8. Importancia de la lectura y las técnicas de estudio -  aspa1 aÁlvarez Chávez, Víctor Hugo